Find Canada's Walk of Fame Inductees Quiz Stats

 Plays Quiz Updated Feb 26, 2019

Score 0/20 Timer 04:00
1 Play Today
% Correct
Drake (2011)
97.1%
Pamela Anderson (2006)
97%
Seth Rogen (2018)
96.8%
Jim Carrey (1998)
96.6%
Alexander Graham Bell (2001)
96.3%
Sandra Oh (2011)
96.3%
Michael J. Fox (2000)
96.1%
Céline Dion (1999)
95.5%
William Shatner (2000)
94.8%
Alanis Morissette (2005)
94.5%
% Correct
Mike Myers (2003)
94.3%
Neil Young (2000)
93.9%
Leslie Nielsen (2001)
93.5%
Leonard Cohen (2018)
93.2%
Rachel McAdams (2014)
93.1%
Alex Trebek (2006)
92.6%
Martin Short (2000)
92%
Wayne Gretzky (2002)
90.6%
Nelly Furtado (2010)
89.5%
Steve Nash (2008)
88.2%

You're not logged in!

Compare scores with friends on all Sporcle quizzes.
OR
Log In

Sporcle TV

Today on Sporcle TV


Watch our educational content, quiz creation guides, and fun videos on Sporcle TV.

Show Comments

Extras

Top Quizzes Today


Score Distribution

Your Account Isn't Verified!

In order to create a playlist on Sporcle, you need to verify the email address you used during registration. Go to your Sporcle Settings to finish the process.

Report this User

Report this user for behavior that violates our Community Guidelines.

Details: